00906nam a22002537a 4500999001500000003000900015008004100024020001500065040007100080082001700151100002100168245003000189260003000219300002800249440001900277505013600296650002300432650001900455650002200474650002300496942001600519945002000535952009700555  c1683d1683AR-CdUCM190227b           ||||| |||| 00| 0 spa d  a8473393279  aMUNICIPALIDAD PROVINCIAL DEL CUSCOcBIBLIOTECA MUNICIPAL DEL CUSCO  a325.2 /bL98  aLuxemburgo, Rosa  aReforma o revolución /   aEspaña :bAKAL ,c1978.  a164 páginas ;c18 cm.  aAKAL 11596244  aEl comunismo y su método -- Adaptabilidad del capitalismo -- La progresión al socialismo a través de las reformas sociales...  aRevolución.9844  aReforma.94889  aSocialismo.91037  aCapitalismo.93221  2ddccLIBROS  awfjd2019-02-27  002ddc4070aSHbSHcCARTd2019-02-27g15.00o325.2 / L98pSH0000002171r2019-02-27yLIBROS